[Event "RUS-chT 11th"]
[Site "Sochi"]
[Date "2004.04.24"]
[Round "5.6"]
[White "Bocharov, Dmitry"]
[Black "Vorobiov, Evgeny E"]
[Result "0-1"]
[WhiteElo "2567"]
[BlackElo "2552"]
[Annotator "Huzman,A"]
[PlyCount "73"]
[EventDate "2004.04.20"]
[EventType "team-tourn"]
[EventRounds "9"]
[EventCountry "RUS"]
[SourceTitle "EXT 2020"]
[Source "ChessBase"]
[SourceDate "2019.10.17"]
[SourceVersion "1"]
[SourceVersionDate "2019.10.17"]
[SourceQuality "1"]
[WhiteTeam "Tomsk 400"]
[BlackTeam "Samara Termosteps"]
[WhiteTeamCountry "RUS"]
[BlackTeamCountry "RUS"]

1. d4 d5 2. c4 dxc4 3. Nf3 e6 4. e4 b5 5. a4 c6 6. axb5 cxb5 7. b3 Bb7 8. Nbd2
(8. bxc4 {1-0 Bareev,E-Semkov,S/Vrnjacka Banja 1987/EXT 97 (40)}) 8... Bb4 (
8... Nf6 9. e5 Ne4 10. bxc4 Nxd2 (10... Bb4 11. cxb5 O-O 12. Bc4 Nd7 13. Ba3
Nxd2 14. Nxd2 Bxa3 15. Rxa3 Nb6 $44 {1/2-1/2 Bocharov,D-Makarov,M/Togliatti
RUS 2003/(63)}) 11. Bxd2 bxc4 12. Bxc4 Be7 13. O-O (13. Qb3 Qd7 14. O-O O-O 15.
Rfd1 Be4 16. Re1 Bc6 17. Ra2 a6 18. Rea1 Ra7 {1/2-1/2 Zakharevich,I-Yakovich,Y/
Elista 2001/CBM 83 (18)}) 13... O-O 14. Be3 Bd5 15. Bd3 Nc6 16. Nd2 f5 17. exf6
Bxf6 18. Qh5 g6 19. Qg4 e5 20. Ne4 exd4 21. Nxf6+ Qxf6 22. Bg5 Qf7 23. Bh6 Rfe8
24. h4 Ne5 25. Qxd4 Bxg2 26. Kxg2 Rad8 $15 {0-1 Kristan,D-Savchenko,S/Portoroz
1996/CBM 51 ext (71)}) 9. bxc4 Bxe4 10. cxb5 (10. Qb3 Nc6 11. cxb5 Bxf3 12.
Qxf3 Nxd4 13. Qd3 Rc8 14. Kd1 Rc3 15. Qb1 Nb3 16. Qb2 Qd4 {0-1 Panzer,
P-Mueller,K/Germany 1991/GER-chT (16)}) (10. Be2 Nf6 (10... Bxd2+ $5 11. Nxd2
$5 Bxg2 $5 12. Rg1 Bb7 13. Bb2 $5 $44) 11. O-O Bxd2 12. Nxd2 $1 O-O 13. Ba3 Re8
14. Nxe4 Nxe4 15. Qc2 $5 $44 {1-0 Farago,I-Rausis,I/Osterskars 1995/EXT 97/
[Tisdall] (39)}) 10... Ne7 11. Ba3 $2 {White sacrifices a pawn to get rid of
the pin. Black, being much better developed, gives the pawn back thus
providing for a strong offensive.} (11. Qa4 Bxd2+ (11... Nd5) (11... Bc3) 12.
Nxd2 Bd5 13. Be2 O-O 14. O-O a6 15. bxa6 Bb7 16. Ba3 Bxa6 17. Rfb1 Re8 18. Rxb8
Qxb8 19. Bxa6 Nd5 20. Qc6 $16 {1/2-1/2 Komarov,D-Maksimenko,A/Niksic 1996/EXT
2000 (63)}) 11... Bxf3 $1 (11... Bc3 12. Rc1 Nd5 13. Be2 $16 {[%csl Re8]}) 12.
Qxf3 Qxd4 $1 (12... Bxd2+ 13. Kxd2 Qxd4+ 14. Bd3 Nd5 15. Rhb1 (15. Rhc1 Nd7 {
[%cal Yd7e5]} 16. Qg3 Rd8 17. Ke1 Nf4 18. Rd1 $13) 15... Nd7 16. Bb2 Qh4 17.
Qg3 Qh6+ 18. Ke1 O-O 19. Ra4 $1 $44 {[%cal Ga4h4]}) 13. Rd1 Nd5 14. Bxb4 Qxb4
15. Bc4 O-O (15... Nb6 $5 16. O-O O-O $17) 16. Bxd5 exd5 17. Qxd5 Re8+ 18. Kf1
Nd7 $1 {The N sac is but temporary, while it allows Black to mobilize each and
every piece on the board} (18... Qe7 19. Qe4 $11) 19. Qxd7 (19. g3 Nb6 20. Qb3
Qxb3 21. Nxb3 Re5 $17) 19... Rad8 (19... Red8 20. Qf5 Rxd2 21. Rxd2 Qxd2 22. g3
$11) 20. Qc6 (20. Qf5 Qc4+ 21. Kg1 Rxd2 $19) (20. Qxa7 Rxd2 21. Ra1 (21. Qa1
Qb2 $1 $19) 21... Qc4+ 22. Kg1 Ra2 $1 $19) 20... Re6 21. Qb7 (21. Qc1 Qxb5+ 22.
Kg1 Qd5 23. h4 Re2 $17) 21... Qc4+ 22. Kg1 Qe2 23. Rf1 Rxd2 $17 24. g3 h5 $1
25. h4 (25. Qxa7 h4 26. Qa8+ Re8 27. Qg2 Qxb5 $17 {[%csl Rh1]}) 25... Ra2 26.
Rh2 Ra5 27. Rb1 Qd3 28. Rc1 Rxb5 (28... Qxb5 29. Qxb5 Rxb5 30. Rc8+ Kh7 31. Rc7
a5 32. Rxf7 Ra6 33. Rg2 $1 $17 {[%cal Gg3g4]}) 29. Qxa7 Rb1 $1 {[%mdl 32]
Swapping the only white R that is participating in the game, Black finds
himself with a-matter-of-fact R-advantage} 30. Rxb1 (30. Qa8+ $142 Kh7 31. Rxb1
Qxb1+ 32. Kg2 Re1 33. Qd5 Rg1+ 34. Kf3 f5 $5 $19 (34... Qg6 $17)) 30... Qxb1+
31. Kg2 Qe4+ 32. Kh3 (32. Kg1 Re8 $1 $19 {[%cal Ye8a8]}) 32... Qf5+ 33. Kg2
Qd5+ $1 34. Kh3 (34. Kf1 Re8 $1 {[%cal Ye8a8,Ya8a1]} 35. Qa3 (35. Qc7 Qf3 36.
Qf4 Qd1+ 37. Kg2 Re1 $19) 35... Rb8 $19) 34... Re1 $1 $19 35. Qb8+ Kh7 36. Qf4
Rg1 37. f3 (37. f3 Qd7+ 38. g4 hxg4+ 39. fxg4 Qd3+ $19) 0-1

[Event "St Petersburg"]
[Site "St Petersburg"]
[Date "1997.04.22"]
[Round "6"]
[White "Ivanov, Sergey"]
[Black "Salov, Valery"]
[Result "1/2-1/2"]
[WhiteElo "2515"]
[BlackElo "2665"]
[Annotator "Huzman,A"]
[PlyCount "97"]
[EventDate "1997.??.??"]
[EventType "tourn"]
[EventRounds "11"]
[EventCountry "RUS"]
[EventCategory "14"]
[SourceTitle "CBM 059"]
[Source "ChessBase"]
[SourceDate "1997.08.01"]
[SourceVersion "1"]
[SourceVersionDate "1997.08.01"]
[SourceQuality "1"]

1. d4 d5 2. c4 dxc4 3. Nf3 a6 4. e4 b5 5. a4 Bb7 6. b3 e6 7. bxc4 bxc4 8. Nc3
Bb4 9. Bd2 Nf6 10. e5 Nd5 (10... Bxc3 $5 11. Bxc3 Ne4 12. Qc1 c5) 11. Qc1 Nxc3
12. Bxc3 c5 13. dxc5 Qa5 (13... Bxc5 14. Qf4 $36 (14. Bxc4 $2 Bxf3 15. gxf3 Qh4
$19)) 14. Bxb4 Qxb4+ 15. Nd2 Qxc5 (15... c3 16. Nc4 c2+ (16... Bd5 $5 17. Qa3 (
17. Rb1 Qxc5 18. Nd6+ Kd7 $17) (17. Nb6 Ra7 18. Nxd5 exd5 19. Rb1 Qe4+ $19)
17... Nc6 18. Nd6+ Ke7 $15) 17. Qd2 Qb1+ 18. Qc1 Qb4+ $11) 16. Nxc4 O-O 17. Qe3
Qxe3+ (17... Nd7 $5 18. Qxc5 Nxc5 $32) 18. Nxe3 Nd7 19. f4 Rfc8 (19... g5 20.
fxg5 Nxe5 21. Be2 Rfd8 22. Kf2 $15) 20. Be2 g5 21. fxg5 Rc5 (21... Nxe5 22. Kf2
$11) 22. Rd1 Bc6 23. Bf3 (23. Kf2 Bxa4 $15) 23... Nxe5 24. Bxc6 Rxc6 (24...
Nxc6 25. h4 Rb8 $15) 25. Ke2 Kg7 26. Rd4 Rb8 27. Rhd1 Rb3 $15 28. Ng4 $1 Nxg4 (
28... Rc5 $5 $15) 29. Rxg4 Rc2+ 30. Rd2 Rxd2+ 31. Kxd2 Kg6 32. Ke2 Ra3 (32...
Kf5 33. Rh4 Kxg5 34. Rxh7 $11) 33. Rf4 $11 a5 34. h4 Rg3 35. Kf2 Rb3 36. g3 Rc3
37. Re4 Ra3 38. Rf4 Rc3 39. Re4 Rc5 40. Kf3 Rd5 41. Rc4 Rd3+ 42. Kg2 Ra3 43.
Re4 h6 44. gxh6 Kxh6 45. Kh3 Kg6 46. Rg4+ Kh7 47. Re4 Kh6 48. Kg2 Kg6 49. Rg4+
1/2-1/2

[Event "Bundesliga 0405"]
[Site "Germany"]
[Date "2004.12.12"]
[Round "6.1"]
[White "Khenkin, Igor"]
[Black "Nikolic, Predrag"]
[Result "1/2-1/2"]
[WhiteElo "2587"]
[BlackElo "2676"]
[Annotator "Huzman,A"]
[PlyCount "33"]
[EventDate "2004.11.12"]
[EventType "team-tourn"]
[EventRounds "15"]
[EventCountry "GER"]
[SourceTitle "CBM 105"]
[Source "ChessBase"]
[SourceDate "2005.04.11"]
[SourceVersion "1"]
[SourceVersionDate "2005.04.11"]
[SourceQuality "1"]
[WhiteTeam "Tegernsee"]
[BlackTeam "Solingen"]
[WhiteTeamCountry "GER"]
[BlackTeamCountry "GER"]

1. d4 d5 2. c4 dxc4 3. Nf3 c5 4. d5 e6 5. Nc3 a6 6. e4 (6. a4 Nf6 7. e4 exd5 8.
e5 $5 (8. exd5 Bd6 9. Bxc4 O-O 10. O-O Bg4 11. h3 Bxf3 12. Qxf3 Nbd7 13. Qd1 (
13. b3 Re8 14. Bg5 Qe7 15. g3 h6 16. Bxf6 Nxf6 $15 {0-1 Sebenik,M-Sermek,D/
Bled 2002/CBM 89 ext (60)}) 13... Qc7 14. Qb3 Rae8 15. Be3 Re7 16. Rad1 Rfe8
$11 {1/2-1/2 Anand,V-Ivanchuk,V/Monte Carlo 2000/CBM 76 (19)}) 8... Ne4 (8...
Be6 9. exf6 gxf6 10. g3 Nc6 11. Bg2 Bg7 12. O-O O-O 13. Nh4 Nd4 14. Be3 f5 15.
Qh5 Qd7 16. Rad1 Rad8 17. Rd2 b5 18. axb5 axb5 19. Rfd1 f4 20. Bxd4 cxd4 21.
Rxd4 Bg4 22. Qg5 h6 23. Qxf4 Bxd1 24. Rxd1 d4 25. Nf5 $18 {1-0 Farago,I-Mohr,G/
Ljubljana 2002/CBM 88 ext (36)}) 9. Qxd5 Nxc3 10. Qxd8+ Kxd8 11. bxc3 Be6 12.
Ng5 Nc6 13. f4 Bd5 14. Be3 Ke8 15. a5 Be7 (15... Rd8 $5) 16. Rd1 Rd8 17. Rxd5
Rxd5 18. Bxc4 Rd7 19. Nxf7 Nxa5 20. Be6 Rf8 21. Bxd7+ Kxd7 22. f5 $13 {0-1
Stempin,P-Jankovec,I/Poznan 1983/MCD (36)}) 6... b5 7. a4 b4 8. dxe6 (8. Nb1
exd5 9. exd5 Nf6 10. Bxc4 Bd6 11. O-O O-O 12. Bg5 Nbd7 13. Nbd2 Qc7 14. Re1 Bb7
15. Bxf6 Nxf6 16. Ne4 Qd8 17. Qd3 Nxe4 18. Rxe4 Qf6 19. Qe2 Rfd8 20. Rd1 g6 21.
b3 Bf8 22. Ne5 $14 {1/2-1/2 Janssen,R-Pavasovic,D/Wijk aan Zee NED 2004/(65)})
8... Qxd1+ 9. Nxd1 Bxe6 10. Ng5 Nc6 11. Nxe6 fxe6 12. Bxc4 Nd4 13. O-O Ne7 14.
Be3 Nec6 15. Bxd4 Nxd4 16. f4 (16. Ne3 g5 17. g3 Ke7 18. Kg2 h5 19. f3 Bg7 20.
Rf2 h4 21. Rd1 hxg3 22. hxg3 Rh7 23. Rh1 Rxh1 24. Kxh1 Rh8+ 25. Kg2 a5 26. Ng4
Nc6 {1/2-1/2 Janssen,R-Sermek,D/Maribor SLO 2004/(26)}) 16... g6 17. Ne3 ({
White could continue the game without big risk.} 17. Ne3 Bg7 18. e5 Ke7 19. Bd3
g5 20. Nc4 $14) 1/2-1/2

[Event "Dortmund SuperGM 25th"]
[Site "Dortmund"]
[Date "1997.07.07"]
[Round "4"]
[White "Anand, Viswanathan"]
[Black "Huebner, Robert"]
[Result "1/2-1/2"]
[WhiteElo "2765"]
[BlackElo "2580"]
[Annotator "Huzman,A"]
[PlyCount "120"]
[EventDate "1997.07.04"]
[EventType "tourn"]
[EventRounds "9"]
[EventCountry "GER"]
[EventCategory "18"]
[SourceTitle "CBM 060"]
[Source "ChessBase"]
[SourceDate "1997.09.29"]
[SourceVersion "1"]
[SourceVersionDate "1997.09.29"]
[SourceQuality "1"]

1. Nf3 d5 2. d4 e6 3. c4 dxc4 4. e4 b5 (4... Nf6 5. Nc3 Bb4) 5. a4 Bb7 (5... c6
6. axb5 (6. b3 Bb4+ 7. Bd2 Bxd2+ 8. Qxd2 Nf6 9. e5 Nd5 10. bxc4 bxc4 11. Bxc4
$14 {Davies,N-Hartman,C/Open Osterskars 1995}) (6. Nc3 b4 7. Ne2 Nf6 8. Ng3 Ba6
9. Qc2 b3 10. Qc3 Qb6 11. Bd2 Bd6 $1 $13 {Zakharevich,I-Makarov,M/ch-RUS,
Elista 1996}) 6... cxb5 7. b3 Bb7 {In case of} (7... Bb4+ 8. Bd2 Bxd2+ 9. Nbxd2
$32) (7... Nf6 8. bxc4 Nxe4 9. c5 Bxc5 10. Bxb5+ Bd7 11. Bxd7+ Qxd7 12. dxc5
Qxd1+ 13. Kxd1 Nxf2+ 14. Ke2 Nxh1 15. Be3 Nc6 16. Nbd2 Ke7 17. Rxh1 f6 $13 {
Yermolinsky,A-Kupreichik,V/Sverdlovsk/1987/}) 8. bxc4 Bxe4 (8... bxc4 9. Bxc4
Bxe4 10. Ne5 $36) 9. cxb5 Nf6 10. Be2 (10. Bd3 $6 Bb4+ 11. Kf1 O-O 12. Bxe4
Nxe4 13. Qb3 a5 14. bxa6 Rxa6 15. Rxa6 Nxa6 16. g3 Qa8 17. Kg2 Be7 $15 {
Khalifman,A-Ivanchuk,V/Tilburg/1994/}) 10... Be7 (10... Bb4+ $5 11. Bd2 Bxd2+
12. Nbxd2 Bd5 13. O-O O-O 14. Nc4 Nbd7 $11) 11. O-O O-O 12. Nc3 Bb7 13. Ne5 a6
14. Bf3 Nd5 (14... Qb6 $5 {Dolmatov} 15. Nc4 Qc7 16. b6 Qxc4 17. Bxb7 Qxc3 18.
Bd2 Qxd4 19. Bxa8 Qxb6 $10) 15. Nxd5 exd5 (15... Bxd5 16. Qe2 $16) 16. Rb1 Qb6
17. Be2 axb5 18. Rxb5 Qc7 19. Bf4 Bd6 20. Bd3 Ba6 {[#]} 21. Bxh7+ $1 Kxh7 22.
Qh5+ Kg8 23. Rb3 Bxe5 24. Rh3 f6 25. dxe5 Qe7 26. Qh7+ Kf7 27. Rg3 Ke8 28. Rxg7
Qe6 29. exf6 $18 {1-0 Anand,V-Karpov,A/Las Palmas 1996 (36)}) 6. axb5 Bxe4 7.
Bxc4 Nf6 8. Nc3 Bb7 9. O-O Be7 10. Qe2 (10. Ne5 O-O 11. Re1 c5 12. bxc6 Nxc6
13. Ba6 Qc8 14. Bxb7 Qxb7 15. Nxc6 Qxc6 16. d5 Qc8 17. dxe6 fxe6 18. Qe2 Bc5
19. Be3 Re8 $14 {+/= Ribli,Z-Nikolic,P/Reykjavik 1988}) 10... O-O 11. Rd1 Nd5 (
11... Nbd7 12. d5 (12. Ne5 Nb6 13. Bd3 (13. Bb3 Qd6) 13... Nbd5 14. Bg5 $14)
12... exd5 13. Nxd5 Re8 14. Qc2 Nxd5 15. Bxd5 Bxd5 16. Rxd5 Bd6 17. Bg5 $14)
12. Ne5 c6 13. Nxd5 $1 cxd5 (13... exd5 14. Bd3 $16 {This position is similar
to the position from the game Anand-Karpov,Las Palmas 1996.} {The danger of
position for the black is shown by the line} cxb5 15. Qh5 g6 16. Nxg6 fxg6 17.
Bxg6 hxg6 18. Qxg6+ Kh8 19. Rd3 Bh4 20. Rh3 Qf6 21. Qg3 Rf7 22. Rxh4+ Rh7 23.
Rxh7+ Kxh7 24. Qh3+ Kg7 25. Ra3 $40) 14. Bd3 Bd6 15. Bf4 Qe7 16. Rdc1 $16 {
[%csl Rc6]} Nd7 17. Nc6 Bxc6 18. Bxd6 Qxd6 19. bxc6 {[%cal Gc6c8]} Nb6 20. Qc2
(20. Ba6 $5 $16 {[%cal Gc6c7,Ga6b7,Ga1a7]}) 20... g6 21. Qc5 $6 (21. c7 a5 22.
Qc5 (22. Qc6 $1 Qb4 (22... Qxc6 23. Rxc6 Nc4 24. Bxc4 dxc4 25. Rxc4 Rfc8 26. b4
Ra7 27. bxa5 $18)) 22... Qxc5 23. Rxc5 Rfc8 24. Rc6 {[%cal Gd3a6]} Nc4 25. Bxc4
dxc4 $132 {[%cal Ya8a7]}) (21. Ba6 $1 Qc7 22. Bb7 $18) 21... Qxc5 22. Rxc5 (22.
dxc5 $142 $5 $18) 22... Rfc8 23. b4 (23. Ba6 Rc7 24. Bb7 Rb8 25. Rxa7 Nc8 {
[%cal Yc8d6]} 26. Ra2 Nd6 27. Ba8 Nf5 $132) (23. c7 a5 24. Rc6 Nc4) 23... Rc7
24. b5 Kf8 25. Rc2 Ke7 26. Rca2 Kd6 27. Kf1 Nc4 {[%cal Ya8b8,Yb8b5]} 28. Ke2
Rb8 29. Rb1 (29. Rxa7 Rxb5 30. Rxc7 Kxc7 31. Ra7+ Kxc6 32. Rxf7 Rb2+ 33. Ke1
Ra2 $11 {[%cal Ya2a1]}) 29... Rb6 30. Kd1 e5 (30... f6 $5 $132 {[%cal Ye6e5]}
31. Kc2 a6 32. Bxc4 dxc4 33. bxa6 Rxb1 34. Kxb1 Ra7 35. Kc2 Kxc6 36. Kc3 Kb5
37. f4 Rxa6 38. Rxa6 Kxa6 39. Kxc4 Kb6 40. d5 Kc7 41. Kc5 exd5 42. Kxd5 Kd7 $11
) 31. Bxc4 dxc4 32. dxe5+ Kxe5 33. Kc2 Kd4 34. Ra4 Kc5 35. Ra5 {[%cal Gc2c3,
Gb2b4,Gb1b4]} Kd4 36. Rb4 $22 a6 (36... Re7 37. Raa4 Kc5 38. Rxc4+ Kxb5 39. c7
Rxc7 40. Rxc7 Kxa4 41. Rxa7+ Kb5 42. Rxf7 $18) 37. bxa6 Rxb4 38. a7 Rxa7 39.
Rxa7 Rb6 40. Rd7+ Ke5 41. c7 Rc6 42. Rxf7 h5 43. Kc3 h4 44. Rg7 Kf5 45. Rd7 h3
46. g3 Ke6 47. Rh7 Ke5 48. f3 Ke6 49. Rxh3 (49. Rh6 Kf6 50. Rxh3 Rxc7 51. Rh4
Ra7 52. Kxc4 $18) 49... Rxc7 50. Rh4 g5 $1 51. Rxc4 $2 (51. Re4+ Kd5 (51... Kd6
52. Rxc4 Rf7 53. f4 $18) 52. Rg4 $18) 51... Rf7 52. Re4+ (52. f4 gxf4 $11)
52... Kd5 53. Re3 Ra7 $132 {=} 54. Kd2 (54. Rd3+ Ke5 55. Kb3 Rh7 56. Rd2 Rf7
57. Rf2 Kd4 $11) 54... Ra2+ 55. Ke1 Rxh2 56. Kf1 Ra2 57. Re2 Ra4 58. Kg2 g4 59.
fxg4 (59. f4 Ra3 $11 {[%csl Rg3]}) 59... Rxg4 60. Re8 (60. Kf3 Rg8 61. g4 Rf8+
62. Kg3 Rg8 $11) 60... Rg7 1/2-1/2

[Event "Linares 22nd"]
[Site "Linares"]
[Date "2005.02.25"]
[Round "3"]
[White "Vallejo Pons, Francisco"]
[Black "Kasparov, Garry"]
[Result "0-1"]
[WhiteElo "2686"]
[BlackElo "2804"]
[Annotator "Huzman,A"]
[PlyCount "58"]
[EventDate "2005.02.23"]
[EventType "tourn"]
[EventRounds "14"]
[EventCountry "ESP"]
[EventCategory "20"]
[SourceTitle "CBM 106"]
[Source "ChessBase"]
[SourceDate "2005.06.06"]
[SourceVersion "1"]
[SourceVersionDate "2005.06.06"]
[SourceQuality "1"]

1. Nf3 d5 2. d4 e6 3. c4 dxc4 4. e4 b5 5. a4 c6 6. axb5 (6. b3 Bb4+ 7. Bd2
Bxd2+ 8. Qxd2 Nf6 9. axb5 (9. e5 Ne4 10. Qc2 Qa5+ 11. Kd1 f5 12. exf6 Nxf6 13.
bxc4 O-O $17 {1/2-1/2 Olafsson,H-Schlosser,P/Aabybro Nordic-tt 1989 (28)}) 9...
Nxe4 10. Qc2 Ng5 11. Nxg5 Qxg5 12. bxc4 cxb5 13. Nc3 Nc6 14. Qe4 Bb7 15. cxb5
Nd8 16. Qe3 Qe7 17. f3 $16 {1-0 Andruet,G-Giffard,N/FRA-ch Val Thorens 1988 
(36)}) (6. Nc3 b4 7. Ne2 Nf6 8. Ng3 Ba6 9. Qc2 b3 10. Qc3 Qb6 11. Bd2 Bd6 $1
$13 {Zakharevich,I-Makarov,M/ch-RUS, Elista 1996}) 6... cxb5 7. b3 Bb7 (7...
Nf6 8. bxc4 Nxe4 (8... bxc4 9. e5 Ne4 10. Bxc4 Bb4+ 11. Ke2 O-O 12. Ba3 Qb6 13.
Bxb4 Qxb4 14. Qb3 $14 {1-0 Cvitan,O-Lane,G/Cappelle op 1995 (37)}) 9. c5 Bxc5
10. Bxb5+ Bd7 11. Bxd7+ Qxd7 12. dxc5 Qxd1+ 13. Kxd1 Nxf2+ 14. Ke2 Nxh1 15. Be3
$14 {Yermolinsky,A-Kupreichik,V/URS-FL Sverdlovsk 1987/1/2-1/2 (62)}) 8. bxc4 (
8. Nbd2 Bb4 (8... Nf6 9. e5 Ne4 10. bxc4 Bb4 (10... Nxd2 11. Bxd2 bxc4 12. Bxc4
Be7 13. O-O (13. Qb3 Qd7 14. O-O O-O 15. Rfd1 Be4 16. Re1 Bc6 17. Ra2 a6 18.
Rea1 Ra7 {1/2-1/2 Zakharevich,I-Yakovich,Y/Elista 2001/CBM 83 (18)}) 13... O-O
14. Be3 Bd5 15. Bd3 Nc6 16. Nd2 f5 17. exf6 Bxf6 18. Qh5 g6 19. Qg4 e5 $11 {
0-1 Kristan,D-Savchenko,S/Portoroz 1996/CBM 51 ext (71)}) 11. cxb5 O-O 12. Bc4
Nd7 13. Ba3 Nxd2 14. Nxd2 Bxa3 15. Rxa3 Nb6 $44 {1/2-1/2 Bocharov,D-Makarov,M/
Togliatti RUS 2003/(63)}) 9. bxc4 Bxe4 10. Qb3 (10. cxb5 Ne7 11. Qa4 (11. Ba3
Bxf3 $1 12. Qxf3 Qxd4 $1 13. Rd1 Nd5 14. Bxb4 Qxb4 $17 {0-1 Bocharov,
D-Vorobiov,E/Sochi 2004/CBM 101/[Huzman] (37)}) 11... Bxd2+ (11... Nd5) (11...
Bc3) 12. Nxd2 Bd5 13. Be2 O-O 14. O-O a6 15. bxa6 Bb7 16. Ba3 Bxa6 17. Rfb1 Re8
18. Rxb8 Qxb8 19. Bxa6 Nd5 20. Qc6 $16 {1/2-1/2 Komarov,D-Maksimenko,A/Niksic
1996/EXT 2000 (63)}) (10. Be2 Nf6 (10... Bxd2+ $5) 11. O-O Bxd2 12. Nxd2 $1 O-O
13. Ba3 Re8 14. Nxe4 Nxe4 15. Qc2 $5 $44 {1-0 Farago,I-Rausis,I/Osterskars
1995/EXT 97/[Tisdall] (39)}) 10... Nc6 11. cxb5 Bxf3 12. Qxf3 Nxd4 13. Qd3 Rc8
14. Kd1 Rc3 15. Qb1 Nb3 16. Qb2 Qd4 {0-1 Panzer,P-Mueller,K/BL9192 1992}) 8...
Bxe4 (8... bxc4 9. Bxc4 Bxe4 10. Ne5 $36) 9. cxb5 (9. Nbd2 Bb7 (9... Bb4 $1)
10. Qb3 Nf6 11. Qxb5+ Qd7 12. Qxd7+ Nfxd7 13. Rb1 Bc6 14. g3 a5 15. Bg2 Bb4 16.
O-O O-O 17. Rb3 Rc8 18. Ba3 Ba4 19. Re3 Nc6 20. Ra1 Ra7 21. Ne4 $36 {1-0
Bareev,E-Semkov,S/Vrnjacka Banja (10)/1987/ (40)}) 9... Nf6 (9... Nd7 10. Be2
Ngf6 11. O-O Be7 (11... Qc7 12. Ba3 Bxa3 13. Rxa3 O-O 14. Nc3 Bb7 15. Qd3 Rfd8
16. Rd1 Nd5 17. Nxd5 Bxd5 18. Qe3 Qb7 $11 {1-0 Berkes,F-Putzbach,G/Hamburg
2003/CBM 94 ext (63)}) (11... Nd5 12. Bc4 N7b6 13. Bxd5 Bxd5 14. Be3 {1/2-1/2
Weiss,F-Horvath,D/Chessfriend.com 2003/Telechess CBM 99 (14)}) 12. Nc3 (12.
Nbd2 Bd5 13. Ba3 (13. Nc4 Qc7 14. Nce5 {1/2-1/2 Shipov,S-Vorobiov,E/Moscow
2003/CBM 95 (14)}) 13... O-O 14. Bxe7 Qxe7 15. Ra5 Rfc8 16. Qa4 Nb6 17. Qa3 Qb7
18. Ra1 $14 {1-0 Ovod,E-Demina,J/Elista 2003/CBM 94 ext (24)}) 12... Bb7 13.
Ne5 Qc7 $146 (13... Nxe5 14. dxe5 Nd7 15. Bf3 (15. Bf4 O-O 16. Bf3 Qc7 17. Rc1
Ba3 18. Nd5 Qd8 19. Ra1 Bb2 20. Nf6+ Nxf6 21. Bxb7 Bxa1 22. Bxa8 Qxa8 23. Qxa1
Nd5 $15 {0-1 Ivanov,S-Rublevsky,S/RUS-ch m3-4 1997 (31)}) 15... Bxf3 (15... Qc7
$6 16. Bxb7 Qxb7 17. Qg4 $36 {1-0 Tregubov,P-Yakovich,Y/Samara 2000/CBM 78/
[Huzman] (30)}) 16. Qxf3 O-O (16... Nxe5 17. Qe4 Nd7 18. Rd1 $44) 17. Bf4 Nc5
18. Rfd1 Qb6 19. Be3 Qb8 20. Qg3 $16 {1/2-1/2 Galianina Ryjanova,J-Demina,J/St
Petersburg 2002/EXT 2004 (27)}) 14. Nc6 (14. Bf3 $5 Qxc3 (14... O-O $5) 15.
Bxb7 Qxa1 16. Bxa8 O-O 17. Nc6 Rxa8 18. Nxe7+ Kh8 19. d5 a6 20. dxe6 {1/2-1/2
Bacrot,E-Kharlov,A/France 2001/EXT 2002 (20)}) 14... Bxc6 15. bxc6 Qxc6 16. Qb3
$44 {[%cal Ge2f3,Gf3a8,Ga1a7]} Qb6 $1 (16... Rc8 17. Nb5 O-O 18. Rxa7 $36) 17.
Qxb6 Nxb6 {1/2-1/2 Krasenkow,M-Rublevsky,S/Polanica Zdroj 1998/CBM 67/[Huzman]
(17)}) 10. Be2 (10. Bd3 Bb4+ (10... Bb7 11. O-O Be7 12. Bb2 O-O 13. Nbd2 Nbd7
14. Nc4 Qc7 15. Nce5 $14 {1-0 Gouliev,S-Guseinov,E/Baku 2000/EXT 2001 (33)})
11. Kf1 O-O 12. Bxe4 Nxe4 13. Qb3 a5 14. bxa6 Rxa6 15. Rxa6 Nxa6 $15 {0-1
Khalifman,A-Ivanchuk,V/Tilburg 1994/CBM 44 (24)}) 10... Be7 (10... Bb4+ 11.
Nbd2 Nd5 (11... O-O 12. O-O Bd5 13. Ba3 Bxa3 14. Rxa3 Nbd7 15. Qa1 Qb8 16. Rc1
$14 {0-1 Bocharov,D-Kotsur,P/Abu Dhabi UAE 2004/(50)}) 12. Ba3 Bc3 13. O-O Bxf3
14. Bxf3 Bxa1 15. Qxa1 a6 16. Bc5 $40 {1-0 Gyimesi,Z-Ortega,L/Bolzano 2000/CBM
77 ext (22)}) 11. O-O O-O 12. Nc3 (12. Nbd2 Bb7 13. Nc4 a6 14. b6 Nc6 15. Bd2
Nd5 16. Qb3 Bb4 17. Bxb4 Ncxb4 18. Ra5 Nc6 19. Ra4 Nf4 $132 {0-1 Lutz,
C-Schlosser,P/Lasker mem 1989 (37)}) 12... Bb7 13. Bf4 ({It is interesting to
know what Kasparov would have prepared after} 13. Ne5 a6 (13... Nd5 $5 14. Bd2
(14. Bb2 Nxc3 15. Bxc3 Qd5 $11) 14... Qb6 15. Qa4 Nxc3 16. Bxc3 Bd5 17. Bc4 Rc8
18. Bxd5 exd5 19. Bb4 Bxb4 20. Qxb4 Nc6 $11 {1/2-1/2 Tregubov,P-Reinderman,D/
Germany 2000/CBM 82 ext (40)}) (13... Nbd7 $5 14. Nc6 Bxc6 15. bxc6 Rc8 16. d5
(16. Bf3 Nb8 17. Qa4 Qe8 $11) 16... exd5 17. Nxd5 Rxc6 18. Nxe7+ Qxe7 19. Bf3
Re6 20. Rxa7 $14) (13... Bb4 14. Bb2 a6 15. Bf3) 14. Bf3 Nd5 (14... Qb6 $5) 15.
Nxd5 exd5 16. Rb1 $1 $16 {1-0 Anand,V-Karpov,A Las Palmas 96}) 13... Bb4 14.
Na4 (14. Qb3 Bxc3 (14... Bd6 15. Ne5 $36) (14... Qe7 15. Ra4 Bd6 16. Ne5 $14)
15. Qxc3 Nd5 16. Qd2 Nxf4 17. Qxf4 a6 $11) 14... Nbd7 15. Qb3 Nd5 16. Bg5 Be7
$11 17. Bd2 a6 $1 {Black gets rid of the weak pawn on a7 and equalizes the
game.} 18. b6 (18. bxa6 Bxa6 19. Bxa6 Rxa6 20. Nc3 Rb6 $15) 18... Bc6 (18...
N5xb6 19. Ba5 Bd5 20. Qe3 Rb8 21. Ne5 Qe8 $11) 19. Ne5 $2 (19. Rfc1 Bxa4 (19...
Bb5 20. Bxb5 axb5 21. Qxb5 N7xb6 22. Ba5 Qd7 $1 $15) 20. Rxa4 Qxb6 21. Qxb6
N7xb6 22. Rxa6 $11) 19... Nxe5 20. dxe5 Nxb6 $1 21. Nxb6 (21. Qxb6 Qxd2 (21...
Bxa4 $2 22. Qxd8 Rfxd8 23. Ba5 Rd4 24. Bc3 Rh4 25. g3 Re4 26. Bf3 $16) 22. Qxc6
Qxe2 23. Nb6 Rab8 24. Nd7 Rfc8 25. Qxa6 Qxa6 26. Rxa6 Rb7 27. Nb6 Rc5 28. Re1 (
28. Ra8+ Bf8 $17 {[%csl Re5]}) 28... h5 $17 {[%csl Rb6]}) 21... Qxd2 22. Nxa8 (
22. Bf3 $5 Bxf3 23. Qxf3 Rad8 (23... Ra7 24. Rfd1 Qb4 25. Qc6 $44) 24. Rxa6 Qc2
$1 25. Ra4 Qc5 (25... Rd3 26. Rc4 Qb3 27. Qe4 Rfd8 28. Rc7 Bf8 29. Nc4 $15) 26.
Nc4 Rd4 $17) 22... Qxe2 23. Nc7 (23. Nb6 Qxe5 24. Rac1 Bb5 $17) 23... Qxe5 24.
Qg3 (24. Nxa6 Bd6 25. Qh3 (25. g3) 25... Ra8 $1 {[%csl Ra6]}) 24... Qf5 25.
Rxa6 (25. Nxa6 $5 $11) 25... Be4 (25... Qe4 $1 26. Rc1 (26. Rd1 Rc8 $17 27. f3
Qe2 $17) 26... Bh4 (26... Rd8 $5 $17) 27. Qf3 Qxf3 28. gxf3 Bxf3 $17) 26. Ra7
$6 (26. Re1 Rd8 27. Raa1 $11 {[%cal Ga1d1]}) 26... Bc5 (26... Qc5 $5 27. Raa1 (
27. Nb5 Bd8 28. Qe3 Qxe3 29. fxe3 Bd3 $17) (27. Rfa1 Bf6 28. R7a5 Qc3 $1 $17)
27... Bd6 28. Na6 Qc6 29. Qg4 (29. Qg5 h6 30. Qg4 f5) 29... f5 30. Qe2 Bxg2 31.
Rfc1 Qe4 32. Qxe4 Bxe4 33. Nc5 Bd5 $17) 27. Ra5 $4 {[%mdl 8192]} (27. Ra4 Rd8 (
27... Rc8 28. Re1) 28. Nb5 $15) 27... Bxf2+ 28. Qxf2 Qxa5 29. Nxe6 Bxg2 (29...
Bxg2 30. Kxg2 (30. Nxf8 Bxf1 $19 (30... Bxf1 31. Nxh7 Bd3 {[%csl Rh7]})) (30.
Qxg2 Qb6+) 30... Qa8+ (30... Qd5+) 31. Kg1 fxe6 $19) 0-1